Statistics for Dubrovnik Airport Destinations (Dubrovnik, Croatia)

Click here to take the quiz!

General Stats

  • This quiz has been taken 39 times
  • The average score is 58 of 72

Answer Stats

AirlineDestination% Correct
Aegean Airlines/Croatia Airlines/VoloteaAthens
100%
Air SerbiaBelgrade
100%
Brussels Airlines/TUI fly BelgiumBrussels
100%
British Airways/easyJet/TUI AirwaysLondon (Gatwick)
100%
British AirwaysLondon (Heathrow)
100%
Wizz AirLondon (Luton)
100%
Jet2.comLondon (Stansted)
100%
Croatia Airlines/LufthansaMunich
100%
Croatia AirlinesZagreb
100%
easyJet/KLMAmsterdam
97%
VuelingBarcelona
97%
Croatia Airlines/Eurowings DiscoverFrankfurt
97%
IberiaMadrid
97%
Croatia Airlines/VuelingRome (Fiumicino)
97%
Austrian Airlines/Ryanair/Wizz AirVienna
97%
Aer Lingus/RyanairDublin
94%
Turkish AirlinesIstanbul
94%
easyJet/Jet2.com/TUI AirwaysManchester
94%
Norwegian Air ShuttleOslo
94%
Air France/Croatia AirlinesParis (Charles de Gaulle)
94%
easyJet/TransaviaParis (Orly)
94%
airBalticRiga
94%
Croatia Airlines/Trade AirSplit
94%
Jet2.com/TUI AirwaysBirmingham
91%
Norwegian Air Shuttle/Scandinavian AirlinesCopenhagen
91%
Finnair/Norwegian Air ShuttleHelsinki
91%
Norwegian Air ShuttleStockholm (Arlanda)
91%
LOT Polish Airlines/Smartwings/Wizz AirWarsaw (Chopin)
91%
Croatia Airlines/Edelweiss AirZurich
91%
flydubaiDubai (International)
88%
LuxairLuxembourg
88%
airBalticTallinn
88%
airBalticVilnius
88%
easyJet/EurowingsBerlin
85%
Aer LingusCork
85%
easyJet/Jet2.comEdinburgh
85%
easyJet/Swiss International Air LinesGeneva
85%
EurowingsCologne/Bonn
82%
TUI AirwaysGlasgow
82%
EurowingsHamburg
82%
easyJet/VoloteaLyon
82%
Korean AirSeoul (Incheon)
82%
EurowingsStuttgart
82%
Norwegian Air ShuttleBergen
79%
EurowingsDusseldorf
79%
Croatia AirlinesPrague
79%
Air ConnectBucharest (Otopeni)
76%
easyJet/Jet2.comNaples
76%
easyJetBasel/Mulhouse
74%
easyJet/TUI AirwaysBristol
74%
United AirlinesNewark
74%
Jet2.com/TUI AirwaysNewcastle upon Tyne
74%
Arkia/Sun d'OrTel Aviv
74%
Jet2.com/TUI AirwaysLeeds/Bradford
71%
easyJet/Jet2.com/Transavia/VoloteaNantes
71%
TransaviaRotterdam/The Hague
71%
VoloteaBordeaux
68%
VoloteaMarseille
68%
Trade AirRijeka
68%
Jet2.comBelfast (International)
65%
Croatia Airlines/Trade AirOsijek
65%
Croatia Airlines/easyJetVenice
65%
Wizz AirWroclaw
65%
Norwegian Air ShuttleStavanger
62%
SmartwingsKatowice
59%
VoloteaToulouse
59%
SmartwingsGdansk
53%
Croatia AirlinesPula
53%
Jet2.com/TUI AirwaysEast Midlands
50%
SkyAlpsBolzano
38%
TUI AirwaysCardiff
38%
AeroItaliaForli
26%

Score Distribution

Percentile by Number Answered

Percent of People with Each Score

Your Score History

You have not taken this quiz